书目信息 |
| 题名: |
中国文化概况
|
|
| 作者: | 王鸽平 编 | |
| 分册: | ||
| 出版信息: | 北京 旅游教育出版社 2001.04 |
|
| 页数: | 268页 | |
| 开本: | 20cm | |
| 丛书名: | ||
| 单 册: | ||
| 中图分类: | H349.4 | |
| 科图分类: | ||
| 主题词: | 文化--概况--中国--西班牙文 , 西班牙语--高等学校--教材 , 文化--西班牙语 | |
| 电子资源: | ||
| ISBN: | 7-5637-0838-3 | |
| 000 | 00923nam0 2200265 450 | |
| 001 | 0104884520 | |
| 005 | 20050912110556.07 | |
| 010 | @a7-5637-0838-3@dCNY15.00 | |
| 100 | @a20040611d2001 km y0chiy0120 ea | |
| 101 | 0 | @achi@aspa |
| 102 | @aCN@b110000 | |
| 105 | @ay z 000yy | |
| 200 | 1 | @a中国文化概况@Azhong guo wen hua gai kuang@d= Panorama Cultural de China@f王鸽平编@Fwang ge ping bian@zspa |
| 210 | @a北京@c旅游教育出版社@d2001.04 | |
| 215 | @a268页@d20cm | |
| 300 | @a西班牙语专业教材 | |
| 330 | @a本书概括介绍了中国文化的诸方面情况,采集书刊文章汇编,侧重介绍中国古代文化。为便于教学和学生自学,以专题形式分成16个单元。 | |
| 510 | 1 | @aPanorama Cultural de China@zspa |
| 606 | 0 | @a文化@x概况@y中国@x西班牙文 |
| 606 | 0 | @a西班牙语@x高等学校@x教材 |
| 606 | 0 | @a文化@x西班牙语 |
| 690 | @aH349.4@v4 | |
| 701 | 0 | @a王鸽平@Awang ge ping@4编 |
| 801 | 0 | @aCN@bQSSK@c20050912 |
| 905 | @a10447@dH349.4@eW184 | |
| 中国文化概况= Panorama Cultural de China/王鸽平编.-北京:旅游教育出版社,2001.04 |
| 268页;20cm |
| 西班牙语专业教材 |
| ISBN 7-5637-0838-3:CNY15.00 |
| 本书概括介绍了中国文化的诸方面情况,采集书刊文章汇编,侧重介绍中国古代文化。为便于教学和学生自学,以专题形式分成16个单元。 |
| ● |
| 相关链接 |
|
|
|
正题名:中国文化概况
索取号:H349.4/W184
 
预约/预借
| 序号 | 登录号 | 条形码 | 馆藏地/架位号 | 状态 | 备注 |
| 1 | 569184 | 205691848 | 语言库209/209语言库 121排1列1层/ [索取号:H349.4/W184] | 在馆 | |
| 2 | 569185 | 205691857 | 语言库209/209语言库 121排1列1层/ [索取号:H349.4/W184] | 在馆 | |
| 3 | 569186 | 205691866 | 语言库209/209语言库 121排1列1层/ [索取号:H349.4/W184] | 在馆 |